Find the Countries Quiz Stats

 Plays Quiz Updated Aug 17, 2019

Score 0/10 Timer 06:00
5 Plays Today
Number/Hint Country % Correct
9.Russia
94.5%
5.India
82.5%
3.Switzerland
78.7%
1.Chile
65.1%
2.Saudi Arabia
53.4%
6.Latvia
43.5%
7.Uganda
36.8%
4.Kyrgyzstan
35.3%
8.El Salvador
24.9%
10.Djibouti
23.2%

You're not logged in!

Compare scores with friends on all Sporcle quizzes.
OR
Log In

Sporcle TV

Today on Sporcle TV


Watch our educational content, quiz creation guides, and fun videos on Sporcle TV.

Show Comments

Extras

Top Quizzes Today


Score Distribution

Your Account Isn't Verified!

In order to create a playlist on Sporcle, you need to verify the email address you used during registration. Go to your Sporcle Settings to finish the process.

Report this User

Report this user for behavior that violates our Community Guidelines.

Details: